| 000 | 00456cam a2200145 4500500 | ||
|---|---|---|---|
| 005 | 20251012023358.0 | ||
| 041 | _afre | ||
| 042 | _adc | ||
| 100 | 1 | 0 |
_aJollien, Alexandre _eauthor |
| 245 | 0 | 0 | _aLe chaos et l’étoile qui danse |
| 260 | _c2017. | ||
| 500 | _a11 | ||
| 786 | 0 | _nRevue Quart Monde | 242 | 2 | 2017-04-01 | p. 43-46 | 0980-7764 | |
| 856 | 4 | 1 | _uhttps://shs.cairn.info/revue-revue-quart-monde-2017-2-page-43?lang=fr&redirect-ssocas=7080 |
| 999 |
_c1542218 _d1542218 |
||